000 00314 a2200145 4500
001 181515
020 _a
040 _cMagnum
100 _a-
240 1 0 _aCaminhando para deus/jardim iii
_lpor
245 1 0 _aCaminhando para deus/jardim iii
362 0 _a1899
697 _aMAGNITO: PARADIDATICO
942 _cBK
999 _c181515
_d181515